| 000 | 00684cam a22002531 4500 | ||
|---|---|---|---|
| 001 | sa 68018635 | ||
| 003 | DLC | ||
| 005 | 20260227112713.0 | ||
| 008 | 891220s1966 ii ab 000 0 gujo | ||
| 010 | _asa 68018635 | ||
| 035 | _a(OCoLC)20807535 | ||
| 040 |
_aDLC _cWaU _dDLC |
||
| 041 | 0 | _agujenghin | |
| 042 | _apremarc | ||
| 050 | 0 | 0 |
_aBL1215.A55 _bS45 |
| 100 | 1 | _aShah, Vimal. | |
| 245 | 1 | 0 |
_aSamuha śrāddha. _bCommunity ancestor worship. |
| 260 | _c[1966] | ||
| 300 |
_avi, 45, [92] p. _billus. (1 col.), maps. _c22 x 28 cm. |
||
| 500 | _aGujarati, Hindi and English. | ||
| 650 | 0 |
_aAncestor worship _xHinduism. |
|
| 700 | 1 | _aShroff, Ramesh. | |
| 700 | 1 | _aShah, Haku. | |
| 999 |
_c88546 _d88546 |
||